A key to the art of letters, 1700 /

Bibliographic Details
Main Author: Lane, A., active 17th/18th century
Format: Book
Language:English
Published: Menston, (Yorks.) : Scolar P., 1969.
Series:English linguistics, 1500-1800--a collection of facsimile reprints ; no. 171.
Subjects:

MARC

Tag First Indicator Second Indicator Subfields
LEADER 00000cam a2200000 4500
001 in00000214521
005 20151009055130.0
008 700720r19691700enk 00010 eng
010 |a  77478086  
015 |a B69-17447 
020 |a 0854170782  |c unpriced 
035 |a (OCoLC)00085091 
035 |9 AAW9987AM 
040 |a DLC  |c DLC  |d TXA  |d UtOrBLW 
049 |a TXAM  |c [640288] 
050 0 0 |a PE1103  |b .L3 1969 
082 0 |a 425 
100 1 |a Lane, A.,  |d active 17th/18th century. 
245 1 2 |a A key to the art of letters, 1700 /  |c [by] A. Lane. 
264 1 |a Menston, (Yorks.) :  |b Scolar P.,  |c 1969. 
300 |a 4 unnumbered pages, xxiv, 112 pages ;  |c 22 cm. 
336 |a text  |b txt  |2 rdacontent 
337 |a unmediated  |b n  |2 rdamedia 
338 |a volume  |b nc  |2 rdacarrier 
490 1 |a English linguistics, 1500-1800: a collection of facsimile reprints,  |v no. 171 
500 |a "A Scolar Press facsimile." 
500 |a Facsimile reprint of 1st edition, London, Printed for A. and J. Churchil and J. Wild, 1700. 
650 0 |a English language  |x Grammar. 
830 0 |a English linguistics, 1500-1800--a collection of facsimile reprints ;  |v no. 171. 
999 |a MARS 
999 f f |s 97587b32-71f1-364c-a760-676440b1424f  |i b8ba671e-470f-3538-81b8-4c9cef3be087  |t 0 
952 f f |p ric  |a Texas A&M University  |b Rellis Campus  |c Joint Library Facility  |d Remote Storage  |t 0  |e PE1103 .L3 1969  |h Library of Congress classification  |i unmediated -- volume  |m A14803582464 
998 f f |a PE1103 .L3 1969  |t 0  |l Remote Storage